Estadísticas para Los fichajes más caros del fútbol - Temporada 2011-2012

Haz click aquí para intentar la prueba.

Estadísticas generales

  • Esta prueba ha sido intentada 34 veces
  • La puntuación promedio es 9 de 10

Estadísticas de respuestas

Coste (M €)NacionalidadÚltimo clubNuevo clubJugador% Correcto
40,00ColombiaOportoAtlético MadridRadamel Falcao
100%
40,00ArgentinaAtlético MadridManchester CitySergio Agüero
100%
26,00ChileUdineseFC BarcelonaAlexis Sánchez
97%
34,00EspañaArsenalFC BarcelonaCesc Fàbregas
93%
27,00CamerúnInterAnzhiSamuel Eto'o
93%
42,00ArgentinaUS PalermoPSGJavier Pastore
90%
30,00AlemaniaFC Schalke 04Bayern MúnichManuel Neuer
87%
30,00PortugalBenficaReal MadridFábio Coentrão
80%
26,70EspañaValencia CFChelseaJuan Mata
73%
27,50FranciaArsenalManchester CitySamir Nasri
50%

Distribución de puntuación

Porcentaje por número respondido

Porcentaje de gente con cada puntuación

Historial de tus puntuaciones

No has intentado esta prueba.